00931cam a2200217 a 450000500170000000800410001702000140005804000710007204100080014324500970015124600680024824600140031626000310033030000180036149000920037965000500047165000230052165000260054471000750057071000680064520240227132605.0130821s1996 ck gr spa  a0123-2401 aCo-BoUCMbspacDavid Avila (modificó)dDavid Moreno (modificó)0 aspa10aCurso bPlanificación de proyectos de educación ambientalcMinisterio del Medio Ambiente33aProyecto capacitación para profesionales del sector ambiental33aMemorias  aBogotá, COLbICFESc1996 a195 Páginas aProyecto capacitación para profesionales del sector ambiental: momoriasx0123-2401v317aMedio ambientevCongresos, conferencias, etc.17aRecursos naturales17aEducación ambiental aInstituto Colombiano Para El Fomento de La Educación Superior. ICFES aProyecto Capacitación Para Profesionales Del Sector Ambiental